[Event "Frankfurt Ch 2005"]
[Site "Ffm-Kalbach, LAZ"]
[Date "2005.05.02"]
[Round "2"]
[White "Stricker, Konstantin"]
[Black "Kaliski, Erwin"]
[Result "0-1"]
[WhiteElo "1693"]
[BlackElo "2037"]
[PlyCount "50"]
[EventDate "2005.??.??"]

1. e4 e6 2. d4 d5 3. exd5 exd5 4. Bd3 Bd6 5. Nf3 Nf6 6. O-O O-O 7. h3 Ne4 8.
Be3 Nd7 9. Re1 Re8 10. Nbd2 Ndf6 11. c3 Bf5 12. Bc2 Qd7 13. Ng5 Nxg5 14. Ba4 b5
15. Bxg5 Rxe1+ 16. Qxe1 bxa4 17. Qd1 Ne4 18. Nxe4 Bxe4 19. Qd2 h6 20. Bh4 Re8
21. Bg3 Bxg3 22. fxg3 Qb5 23. Re1 Rb8 24. Re2 Qd3 25. Qe1 Qb1 0-1

[Event "Frankfurt Ch 2005"]
[Site "Ffm-Kalbach, LAZ"]
[Date "2005.05.02"]
[Round "2"]
[White "Schalow, Daniel"]
[Black "Mahnke, Ralf"]
[Result "1-0"]
[WhiteElo "2032"]
[BlackElo "1702"]
[PlyCount "103"]
[EventDate "2005.??.??"]

1. d4 Nf6 2. c4 e6 3. Bg5 d5 4. e3 Nbd7 5. Nf3 c6 6. Nc3 Qa5 7. Bxf6 Nxf6 8.
Qb3 Ne4 9. Bd3 Nxc3 10. bxc3 dxc4 11. Bxc4 Be7 12. O-O O-O 13. Ne5 Qa3 14. f4
Qxb3 15. axb3 a6 16. b4 Rb8 17. g4 f6 18. Nd3 Kh8 19. h3 Re8 20. e4 f5 21. exf5
exf5 22. Ne5 g6 23. g5 Kg7 24. h4 Bd6 25. Kg2 Be6 26. Bxe6 Rxe6 27. Kf3 Re7 28.
Rh1 Rd8 29. Rad1 Bc7 30. Rhe1 Rde8 31. Ke3 b6 32. Ra1 a5 33. bxa5 bxa5 34. Reb1
c5 35. Rb7 cxd4+ 36. cxd4 Ra8 37. Kd3 Bd6 38. Rxe7+ Bxe7 39. Ra4 Bb4 40. d5 Kf8
41. Kc4 Ke8 42. Nc6 Bd2 43. Kb5 Kd7 44. Ne5+ Ke7 45. d6+ Kd8 46. Kc6 Rc8+ 47.
Kd5 Rc1 48. Ke6 Re1 49. Rc4 Bxf4 50. Rxf4 Re4 51. Rxe4 fxe4 52. Nf7+ 1-0

[Event "Frankfurt Ch 2005"]
[Site "Ffm-Kalbach, LAZ"]
[Date "2005.05.02"]
[Round "2"]
[White "Makilla, Tobias"]
[Black "Nichols, Marc"]
[Result "1-0"]
[WhiteElo "1466"]
[BlackElo "2014"]
[PlyCount "114"]
[EventDate "2005.??.??"]

1. e4 c5 2. Nf3 d6 3. Bb5+ Nd7 4. O-O a6 5. Be2 Ngf6 6. Nc3 g6 7. d3 Bg7 8. h3
O-O 9. Be3 b5 10. Rb1 Bb7 11. Qd2 Re8 12. Bh6 Bh8 13. Rfe1 e5 14. b4 d5 15.
exd5 Nxd5 16. Nxd5 Bxd5 17. a3 Qc7 18. c4 bxc4 19. dxc4 Be6 20. Ng5 Bf5 21.
Rbd1 Nf6 22. Qd6 Qxd6 23. Rxd6 cxb4 24. axb4 Red8 25. Red1 Rxd6 26. Rxd6 Ne8
27. Rb6 Bf6 28. c5 Bc8 29. Bc4 Bxg5 30. Bxg5 Kg7 31. Bd5 Ra7 32. Rb8 Nc7 33.
Bc6 Ne6 34. Rxc8 Nxg5 35. Ra8 Rxa8 36. Bxa8 Ne6 37. Bb7 Nc7 38. c6 Kf6 39. Bxa6
Ke6 40. b5 Kd6 41. f3 Nxa6 42. bxa6 Kxc6 43. Kf2 Kb6 44. Ke3 f5 45. Kd3 Kxa6
46. Kc4 e4 47. fxe4 fxe4 48. Kd4 Kb5 49. Kxe4 Kc4 50. g4 h5 51. Kf4 Kd4 52. Kg5
Ke5 53. Kxg6 hxg4 54. hxg4 Ke6 55. Kg7 Ke7 56. g5 Ke8 57. g6 Ke7 1-0

[Event "Frankfurt Ch 2005"]
[Site "Ffm-Kalbach, LAZ"]
[Date "2005.05.02"]
[Round "2"]
[White "Gramlich, Sebastian"]
[Black "Filmann, Andreas"]
[Result "1-0"]
[WhiteElo "1994"]
[BlackElo "1685"]
[PlyCount "69"]
[EventDate "2005.??.??"]

1. d4 d5 2. e4 dxe4 3. Nc3 Nf6 4. f3 e3 5. Bd3 Nc6 6. Bxe3 e5 7. Bb5 exd4 8.
Bxd4 Bd7 9. Qe2+ Qe7 10. Bxf6 gxf6 11. Nd5 Qxe2+ 12. Nxe2 O-O-O 13. O-O-O Ne5
14. Bxd7+ Nxd7 15. Rhe1 c6 16. Ndc3 Bb4 17. a3 Bxc3 18. Nxc3 Rhe8 19. Rxe8 Rxe8
20. Ne4 Kc7 21. Rxd7+ Kxd7 22. Nxf6+ Ke7 23. Nxe8 Kxe8 24. Kd2 Ke7 25. Ke3 Ke6
26. Ke4 Kf6 27. Kf4 b6 28. h4 h6 29. g4 a6 30. Ke4 Ke6 31. g5 f5+ 32. Kf4 h5
33. g6 Kf6 34. g7 Kxg7 35. Kxf5 1-0

[Event "Frankfurt Ch 2005"]
[Site "Ffm-Kalbach, LAZ"]
[Date "2005.05.02"]
[Round "2"]
[White "Syed, Tareq"]
[Black "Stein, Wolfgang"]
[Result "1-0"]
[WhiteElo "1944"]
[BlackElo "1676"]
[PlyCount "33"]
[EventDate "2005.??.??"]

1. e4 e5 2. Nf3 f5 3. exf5 Bc5 4. Nxe5 Nf6 5. d4 Bb6 6. Be2 O-O 7. g4 c5 8. Be3
Qe7 9. g5 cxd4 10. Bxd4 Ne4 11. Bc4+ Kh8 12. Qh5 Ba5+ 13. Kf1 Qxe5 14. Bxe5 Nc6
15. Bxg7+ Kxg7 16. Qh6+ Kh8 17. Qxf8# 1-0

[Event "Frankfurt Ch 2005"]
[Site "Ffm-Kalbach, LAZ"]
[Date "2005.05.02"]
[Round "2"]
[White "Djakow, Alexander"]
[Black "Schreyer, Alois"]
[Result "1/2-1/2"]
[WhiteElo "1699"]
[BlackElo "1883"]
[PlyCount "79"]
[EventDate "2005.??.??"]

1. d4 Nf6 2. c4 g6 3. Nc3 d5 4. e3 Bg7 5. Nf3 O-O 6. Bd2 c6 7. Bd3 Bg4 8. h3
Bxf3 9. Qxf3 dxc4 10. Bxc4 Nbd7 11. Rd1 e5 12. O-O exd4 13. exd4 Nb6 14. Bb3
Nbd5 15. Bg5 Qd7 16. Bxf6 Nxf6 17. d5 Rac8 18. Ba4 b5 19. dxc6 Qxc6 20. Qxc6
Rxc6 21. Bxb5 Rb6 22. a4 a6 23. a5 Rxb5 24. Nxb5 axb5 25. Rd6 Ne4 26. Rb6 Bxb2
27. Rxb5 Bd4 28. Rb4 Rd8 29. a6 Nxf2 30. Rxf2 Bxf2+ 31. Kxf2 Rd2+ 32. Kf3 Ra2
33. Rb6 Ra4 34. g4 Kg7 35. h4 h5 36. gxh5 gxh5 37. Kg3 Rg4+ 38. Kh3 Ra4 39. Kg3
Rg4+ 40. Kh3 1/2-1/2

[Event "Frankfurt Ch 2005"]
[Site "Ffm-Kalbach, LAZ"]
[Date "2005.05.02"]
[Round "2"]
[White "Sadeghi, Behrang"]
[Black "Krpan, Alojz"]
[Result "1-0"]
[WhiteElo "2183"]
[BlackElo "1417"]
[PlyCount "71"]
[EventDate "2005.??.??"]

1. e4 e5 2. Nf3 Nc6 3. Bb5 Qf6 4. c3 a6 5. Ba4 b5 6. Bb3 Bc5 7. a4 Bb7 8. Qe2
b4 9. d3 Na5 10. Bc2 h6 11. Nbd2 Ne7 12. Nf1 Ng6 13. g3 O-O 14. Ne3 Ne7 15. Ng4
Qe6 16. Ngxe5 d6 17. Nc4 Nxc4 18. dxc4 a5 19. Nd4 Qh3 20. Be3 Rfe8 21. O-O-O
bxc3 22. bxc3 Rab8 23. Kd2 Ba6 24. Rb1 Rb6 25. Rxb6 Bxb6 26. Bd3 Bc5 27. Rb1
Qd7 28. Bc2 d5 29. e5 Bxc4 30. Qh5 Bxd4 31. cxd4 Qe6 32. f4 f5 33. Qxe8+ Kh7
34. g4 g6 35. Rb8 Qg8 36. Qxe7+ 1-0

[Event "Frankfurt Ch 2005"]
[Site "Ffm-Kalbach, LAZ"]
[Date "2005.05.02"]
[Round "2"]
[White "Popp, Matthias"]
[Black "Brüggemann, Ludger"]
[Result "0-1"]
[WhiteElo "1578"]
[BlackElo "2187"]
[PlyCount "54"]
[EventDate "2005.??.??"]

1. d4 Nf6 2. Nf3 g6 3. Bf4 Bg7 4. Nbd2 O-O 5. e4 d6 6. h3 Nfd7 7. Bc4 c5 8. c3
Nc6 9. Nb3 cxd4 10. cxd4 a6 11. Qc2 b5 12. Bxf7+ Rxf7 13. Qxc6 Ra7 14. Qc1 Rc7
15. Qd2 Nb6 16. Bg5 Nc4 17. Qe2 Bb7 18. O-O h6 19. Bd2 Qd7 20. Bc3 Rc8 21. Nbd2
Nxd2 22. Bxd2 Rcf8 23. Nh4 Bxd4 24. Nxg6 Rxf2 25. Be3 Rxe2 26. Rxf8+ Kg7 27.
Bxd4+ e5 0-1

[Event "Frankfurt Ch 2005"]
[Site "Ffm-Kalbach, LAZ"]
[Date "2005.05.02"]
[Round "2"]
[White "Blum, Ralph"]
[Black "Scharmann, Hartmut"]
[Result "1-0"]
[WhiteElo "2013"]
[BlackElo "1562"]
[PlyCount "39"]
[EventDate "2005.??.??"]

1. d4 g6 2. c4 Bg7 3. Nc3 c6 4. e4 d6 5. f4 Nd7 6. Nf3 e6 7. Be2 Ne7 8. O-O O-O
9. Be3 Qb6 10. Qd2 f5 11. d5 c5 12. dxe6 Nf6 13. e5 dxe5 14. fxe5 Ng4 15. Nd5
Nxd5 16. cxd5 Nxe3 17. Qxe3 Bxe6 18. dxe6 Qxe6 19. Rac1 b6 20. Bc4 1-0

[Event "Frankfurt Ch 2005"]
[Site "Ffm-Kalbach, LAZ"]
[Date "2005.05.02"]
[Round "2"]
[White "Junker, Christian"]
[Black "Karsten, Heinrich"]
[Result "0-1"]
[WhiteElo "1555"]
[BlackElo "1975"]
[PlyCount "48"]
[EventDate "2005.??.??"]

1. e4 c5 2. Nf3 d6 3. d4 cxd4 4. Nxd4 Nf6 5. Nc3 e6 6. Bb5+ Nbd7 7. O-O Be7 8.
f4 O-O 9. Be3 Nb6 10. Kh1 Qc7 11. Be2 a6 12. Bg1 Bd7 13. f5 Nc4 14. Bxc4 Qxc4
15. Qd3 Rac8 16. Rae1 b5 17. Qxc4 Rxc4 18. fxe6 fxe6 19. e5 dxe5 20. Nxe6 Bxe6
21. Rxe5 Rc6 22. Rfe1 Kf7 23. Ne2 Nd7 24. Rxe6 Rxe6 0-1

[Event "Frankfurt Ch 2005"]
[Site "Ffm-Kalbach, LAZ"]
[Date "2005.05.02"]
[Round "2"]
[White "Richter, Thomas"]
[Black "Wenzel, Bernd"]
[Result "1-0"]
[WhiteElo "1953"]
[BlackElo "1554"]
[PlyCount "95"]
[EventDate "2005.??.??"]

1. d4 e6 2. c4 f5 3. g3 Nf6 4. Bg2 c6 5. Nf3 d5 6. Qc2 Bd6 7. O-O O-O 8. b3 Ne4
9. e3 Nd7 10. Ba3 Bxa3 11. Nxa3 Qa5 12. Qb2 Qd8 13. Rfd1 a6 14. Nc2 g5 15. Nce1
g4 16. Nh4 Rf6 17. Nd3 Rh6 18. Nf4 Qf6 19. f3 gxf3 20. Nxf3 Ng5 21. Qf2 Ne4 22.
Qc2 Ng5 23. Rac1 Nxf3+ 24. Bxf3 Nf8 25. Qf2 Ng6 26. Qg2 Bd7 27. cxd5 Nxf4 28.
exf4 exd5 29. Qf2 Re8 30. Re1 Qf7 31. Rxe8+ Qxe8 32. Re1 Re6 33. Re5 b5 34. Kg2
Qf7 35. Qe1 Kg7 36. Qa5 Bc8 37. Qd8 Qd7 38. Qxd7+ Bxd7 39. Rxf5 Re3 40. Re5
Rxe5 41. fxe5 h6 42. b4 Kg6 43. Kf2 Kg5 44. Ke3 h5 45. h4+ Kg6 46. Kf4 Bf5 47.
Bxh5+ Kxh5 48. Kxf5 1-0

[Event "Frankfurt Ch 2005"]
[Site "Ffm-Kalbach, LAZ"]
[Date "2005.05.02"]
[Round "2"]
[White "Kletzerman, Simon"]
[Black "Smit, Josip"]
[Result "0-1"]
[WhiteElo "1550"]
[BlackElo "1906"]
[PlyCount "84"]
[EventDate "2005.??.??"]

1. e4 c5 2. Nf3 d6 3. Be2 Nc6 4. O-O Nf6 5. Nc3 g6 6. d4 cxd4 7. Nxd4 Bg7 8.
Be3 O-O 9. Qd2 Ng4 10. Bxg4 Bxg4 11. h3 Bd7 12. Nde2 Ne5 13. b3 Re8 14. Bd4 Bf8
15. Be3 Qa5 16. f4 Nc6 17. g4 e6 18. a3 a6 19. b4 Qd8 20. g5 b5 21. h4 Qc7 22.
Rad1 Na7 23. Ng3 Nc8 24. h5 Nb6 25. Bxb6 Qxb6+ 26. Kg2 Rac8 27. Rh1 Qc6 28.
Nce2 Qxc2 29. Qd4 Rc4 30. Qe3 Rc3 31. Qd4 Rxg3+ 32. Kxg3 Qxe2 33. hxg6 fxg6 34.
Rxh7 e5 35. Rdh1 Qg4+ 36. Kf2 Qxf4+ 37. Ke1 exd4 38. Rh8+ Kf7 39. R8h2 Rxe4+
40. Re2 Rxe2+ 41. Kxe2 Bg4+ 42. Ke1 Qc1+ 0-1

[Event "Frankfurt Ch 2005"]
[Site "Ffm-Kalbach, LAZ"]
[Date "2005.05.02"]
[Round "2"]
[White "Pliss, Viktor"]
[Black "Kirschner, Matthias"]
[Result "1-0"]
[WhiteElo "1777"]
[BlackElo "1524"]
[PlyCount "113"]
[EventDate "2005.??.??"]

1. e4 d6 2. d4 e5 3. d5 Nf6 4. Bd3 a5 5. c4 Na6 6. Nc3 Nc5 7. Bc2 Be7 8. Nge2
O-O 9. O-O h6 10. f3 Nh7 11. f4 f5 12. fxe5 fxe4 13. exd6 Bxd6 14. Rxf8+ Qxf8
15. Qd4 Qf6 16. Nxe4 Qxd4+ 17. Nxd4 Nxe4 18. Bxe4 Bc5 19. Bxh7+ Kxh7 20. Be3
Bg4 21. Nc2 Bxe3+ 22. Nxe3 Bd7 23. Kf2 Rf8+ 24. Ke2 Kg6 25. Rf1 Rxf1 26. Kxf1
Kg5 27. g3 Kf6 28. Ke2 Ke5 29. Kd3 h5 30. a3 g6 31. b4 axb4 32. axb4 c6 33.
dxc6 Bxc6 34. b5 Be4+ 35. Kc3 b6 36. Nc2 Bh1 37. Nb4 Bg2 38. Nd3+ Kd6 39. Kd4
Bh3 40. Nf4 Bf5 41. Nd5 Bh3 42. Nxb6 Bf1 43. c5+ Ke6 44. Nc4 Bg2 45. c6 Ke7 46.
Kc5 Bh3 47. b6 Kd8 48. c7+ Kd7 49. Ne5+ Kc8 50. Nc6 g5 51. Ne7+ Kb7 52. c8=Q+
Bxc8 53. Nxc8 Kxc8 54. Kc6 h4 55. gxh4 gxh4 56. b7+ Kb8 57. h3 1-0

[Event "Frankfurt Ch 2005"]
[Site "Ffm-Kalbach, LAZ"]
[Date "2005.05.02"]
[Round "2"]
[White "Kinski, Sven"]
[Black "Krüger, Manfred"]
[Result "1-0"]
[WhiteElo "1765"]
[BlackElo "1493"]
[PlyCount "23"]
[EventDate "2005.??.??"]

1. e4 e5 2. d4 exd4 3. Bc4 c5 4. Nf3 Nc6 5. c3 dxc3 6. O-O h6 7. Nxc3 Na5 8.
Bxf7+ Kxf7 9. Ne5+ Ke8 10. Qh5+ g6 11. Qxg6+ Ke7 12. Nd5# 1-0

[Event "Frankfurt Ch 2005"]
[Site "Ffm-Kalbach, LAZ"]
[Date "2005.05.02"]
[Round "2"]
[White "Reuter, Klaus"]
[Black "Rotermund, Verena"]
[Result "1-0"]
[WhiteElo "1443"]
[BlackElo "1762"]
[PlyCount "53"]
[EventDate "2005.??.??"]

1. d4 Nf6 2. c4 d6 3. Nc3 g6 4. g3 Bg7 5. Bg2 O-O 6. Nf3 Nc6 7. O-O e5 8. d5
Ne7 9. Bg5 Nh5 10. Qd2 f5 11. Bh6 f4 12. Bxg7 Nxg7 13. Ne4 h6 14. Rad1 Nef5 15.
c5 g5 16. cxd6 cxd6 17. g4 Nh4 18. Nxh4 gxh4 19. h3 h5 20. f3 a5 21. Kh2 Kh8
22. e3 Qe7 23. a3 Bd7 24. exf4 Rxf4 25. Rfe1 Be8 26. Nf2 Bg6 27. Qxf4 1-0

[Event "Frankfurt Ch 2005"]
[Site "Ffm-Kalbach, LAZ"]
[Date "2005.05.02"]
[Round "2"]
[White "Ickert, Bernd"]
[Black "Witt, Holger"]
[Result "1-0"]
[WhiteElo "1755"]
[BlackElo "1476"]
[PlyCount "61"]
[EventDate "2005.??.??"]

1. e4 c5 2. Nf3 e6 3. d4 cxd4 4. Nxd4 a6 5. Be3 Qc7 6. Bd3 Nf6 7. c4 b6 8. O-O
Bb7 9. Nc3 Bb4 10. Qc2 Nc6 11. a3 Bxc3 12. Qxc3 Ne5 13. f3 Rc8 14. Rac1 d5 15.
exd5 exd5 16. Bf5 Nfd7 17. Bf4 Qxc4 18. Qe3 Qa4 19. Bxd7+ Kxd7 20. Qxe5 Rc5 21.
Qd6+ Kc8 22. Qb8+ Kd7 23. Qxb7+ Ke8 24. Rxc5 Qxd4+ 25. Kh1 Qxc5 26. Re1+ Kd8
27. Qb8+ Kd7 28. Qxh8 Kc6 29. Qe8+ Kb7 30. Qd7+ Ka8 31. Re8+ 1-0

[Event "Frankfurt Ch 2005"]
[Site "Ffm-Kalbach, LAZ"]
[Date "2005.05.02"]
[Round "2"]
[White "Kasper, Werner"]
[Black "Pomeranets, Igor"]
[Result "1/2-1/2"]
[WhiteElo "1716"]
[BlackElo "1459"]
[PlyCount "80"]
[EventDate "2005.??.??"]

1. e4 c5 2. Nf3 Nc6 3. Nc3 e6 4. d4 cxd4 5. Nxd4 a6 6. a3 Nf6 7. Be2 Be7 8. O-O
O-O 9. Kh1 d5 10. exd5 exd5 11. Be3 Re8 12. Bf3 Nxd4 13. Bxd4 Be6 14. Ne2 Bd6
15. Nc1 Ne4 16. g3 f5 17. Nd3 Ng5 18. Bg2 Ne4 19. f3 Nxg3+ 20. hxg3 Bxg3 21.
Bh3 Qh4 22. Kg2 Qxd4 23. Kxg3 g5 24. Kh2 Rac8 25. Rc1 Qh4 26. Qe1 Qh6 27. Qg3
f4 28. Qg2 Bxh3 29. Qxh3 Re2+ 30. Rf2 Rxf2+ 31. Nxf2 Qxh3+ 32. Kxh3 h5 33. Nd3
Kg7 34. c3 Kf6 35. Rd1 a5 36. Nf2 Ke5 37. Kg2 b6 38. Rd4 Rg8 39. Nd3+ Ke6 40.
Kf2 Rf8 1/2-1/2

[Event "Frankfurt Ch 2005"]
[Site "Ffm-Kalbach, LAZ"]
[Date "2005.05.02"]
[Round "2"]
[White "Enders, Georg"]
[Black "Grunenberg, Sven"]
[Result "1-0"]
[WhiteElo "1707"]
[BlackElo "1428"]
[PlyCount "114"]
[EventDate "2005.??.??"]

1. e4 c5 2. Nf3 Nc6 3. c3 g6 4. d4 cxd4 5. cxd4 d6 6. Be3 Bg7 7. Nc3 a6 8. Be2
e6 9. O-O Nf6 10. Rc1 b5 11. a3 O-O 12. Qd2 Bb7 13. Bh6 Na5 14. Bxg7 Kxg7 15.
Qe3 Rc8 16. h3 Nc4 17. Bxc4 Rxc4 18. Nd2 Rc7 19. Rfe1 e5 20. d5 Nh5 21. g3 Bc8
22. Kg2 f5 23. exf5 Rxf5 24. Nce4 Qd7 25. Kg1 Rf8 26. Ng5 Qe7 27. Nde4 h6 28.
Rxc7 Qxc7 29. Rc1 Qe7 30. Nf3 Bxh3 31. Rc6 Nf6 32. Nxf6 Qxf6 33. Nd2 Qf7 34.
Rxd6 Qf5 35. Rxa6 h5 36. Ne4 h4 37. Ra7+ Rf7 38. Rxf7+ Qxf7 39. Ng5 Qxd5 40.
Nxh3 hxg3 41. Qxg3 Qd4 42. Qc3 Qg4+ 43. Kh2 Qh5 44. Qc5 Kf6 45. Qxb5 g5 46.
Qc6+ Kf5 47. Qd7+ Ke4 48. Qa4+ Kd3 49. Qb3+ Kd4 50. Qe3+ Kc4 51. b3+ Kd5 52.
Qxg5 Qh8 53. Kg3 Kd4 54. Qe3+ Kd5 55. Ng5 Qb8 56. Qd3+ Kc6 57. Qc4+ Kd7 1-0

[Event "Frankfurt Ch 2005"]
[Site "Ffm-Kalbach, LAZ"]
[Date "2005.05.02"]
[Round "2"]
[White "Adair, Monte"]
[Black "Trierweiler, Joachim"]
[Result "0-1"]
[WhiteElo "1424"]
[BlackElo "1707"]
[PlyCount "92"]
[EventDate "2005.??.??"]

1. e4 c5 2. Nc3 d6 3. Be2 Nc6 4. Nf3 g6 5. O-O Bg7 6. d3 Nf6 7. a3 O-O 8. Re1
Bg4 9. Rb1 Nd7 10. Be3 Bxf3 11. Bxf3 Nde5 12. Be2 Nd4 13. Qd2 Nec6 14. Bd1 e5
15. Bg5 f6 16. Be3 Qd7 17. Nd5 f5 18. c3 Ne6 19. f3 f4 20. Bf2 Kh8 21. g4 fxg3
22. hxg3 g5 23. g4 Rf7 24. Kg2 Raf8 25. Rh1 Ne7 26. Nxe7 Qxe7 27. Be3 Bf6 28.
Qf2 Rg7 29. Rh3 Qf7 30. Bb3 Nf4+ 31. Bxf4 Qxb3 32. Be3 Rff7 33. Qd2 Kg8 34. c4
Bd8 35. Rh5 Qa4 36. Kg3 Qe8 37. Bxg5 Rd7 38. Kh4 Rxg5 39. Rxg5+ Rg7 40. Kh3
Bxg5 41. Qf2 Rf7 42. Kg2 Qf8 43. Rf1 h5 44. gxh5 Rg7 45. Kh3 Qc8+ 46. Kh2 Bf4+
0-1

[Event "Frankfurt Ch 2005"]
[Site "Ffm-Kalbach, LAZ"]
[Date "2005.05.02"]
[Round "2"]
[White "Liebske, Erwin"]
[Black "Ludwig, Helmut"]
[Result "1-0"]
[WhiteElo "1702"]
[BlackElo "1411"]
[PlyCount "113"]
[EventDate "2005.??.??"]

1. Nf3 d5 2. d4 Nf6 3. e3 e6 4. c4 Be7 5. Nc3 O-O 6. c5 b6 7. cxb6 cxb6 8. Bd3
Nc6 9. a3 Bb7 10. Bd2 Ne8 11. Rc1 f6 12. Bb1 Rc8 13. Qc2 g6 14. Nh4 f5 15. Nf3
Bf6 16. Ba2 Kg7 17. O-O Nd6 18. Rfd1 h5 19. Qa4 g5 20. Nb5 Nxb5 21. Qxb5 Rf7
22. Bc3 Rfc7 23. Qd3 g4 24. Ne5 Qd6 25. Nxc6 Rxc6 26. Bb3 a6 27. Ba4 Qc7 28.
Bxc6 Qxc6 29. Bd2 Qd7 30. Rxc8 Qxc8 31. Rc1 Qd7 32. Qc2 Bd8 33. Be1 h4 34. f3
Qe7 35. Qe2 Qg5 36. Bd2 Qg6 37. fxg4 fxg4 38. Bb4 Qe4 39. Bd6 Kg6 40. Bf4 a5
41. Qc2 Qxc2 42. Rxc2 Ba6 43. Kf2 Kf5 44. g3 h3 45. Bc7 Bd3 46. Rc3 Bxc7 47.
Rxc7 a4 48. Rf7+ Kg6 49. Rf8 Kg7 50. Ra8 b5 51. Ke1 Kf7 52. Kd2 Bc4 53. Kc3 Kf6
54. Rf8+ Kg6 55. Rf4 Be2 56. Kb4 Kg5 57. Kc5 1-0

[Event "Frankfurt Ch 2005"]
[Site "Ffm-Kalbach, LAZ"]
[Date "2005.05.02"]
[Round "2"]
[White "Norgiev, Jürgen"]
[Black "Scheerer, Michael"]
[Result "1-0"]
[WhiteElo "1686"]
[BlackElo "1383"]
[PlyCount "33"]
[EventDate "2005.??.??"]

1. d4 Nf6 2. Nf3 g6 3. Bf4 d6 4. h3 Bg7 5. e3 O-O 6. Be2 c5 7. c3 Nh5 8. Bh2 f5
9. Ng5 Nf6 10. dxc5 d5 11. O-O Nc6 12. Nd2 h6 13. Ngf3 Re8 14. Nb3 e5 15. Bb5
e4 16. Bxc6 bxc6 17. Ne5 1-0

[Event "Frankfurt Ch 2005"]
[Site "Ffm-Kalbach, LAZ"]
[Date "2005.05.02"]
[Round "2"]
[White "Bender, Manfred"]
[Black "Mook, Karl-Jürgen"]
[Result "1-0"]
[WhiteElo "1676"]
[BlackElo "1302"]
[PlyCount "111"]
[EventDate "2005.??.??"]

1. d4 Nf6 2. c4 g6 3. Nc3 d5 4. cxd5 Nxd5 5. e4 Nxc3 6. bxc3 Bg7 7. Nf3 O-O 8.
a4 c5 9. Bb2 Bd7 10. Qb3 Na6 11. Bc4 cxd4 12. cxd4 Rb8 13. O-O e6 14. Ba3 Re8
15. Ra2 Qb6 16. Qd3 Bf8 17. Rb1 Qd8 18. Rab2 Qc7 19. a5 Bxa3 20. Qxa3 Qxc4 21.
Qd6 Qc6 22. Qf4 Qc7 23. Qxc7 Nxc7 24. Rxb7 Na6 25. Ne5 Ba4 26. f3 Rec8 27. R1b2
Rc1+ 28. Kf2 Rc2+ 29. Rxc2 Bxc2 30. Rxa7 Nb4 31. Nxf7 Rf8 32. Ng5 Nc6 33. Rc7
Ba4 34. Nxe6 Ra8 35. Nc5 Bb5 36. d5 Nxa5 37. d6 Rd8 38. d7 Kf7 39. e5 Ke7 40.
e6 Bc4 41. Rc8 Bxe6 42. Rxd8 Kxd8 43. Nxe6+ Kxd7 44. Nf8+ Ke7 45. Nxh7 Nc4 46.
f4 Nd6 47. Kf3 Nf7 48. Kg4 Nh8 49. Kg5 Kf7 50. Kh6 Kg8 51. Ng5 Kf8 52. Kh7 Nf7
53. Kxg6 Nh8+ 54. Kh7 Nf7 55. Nxf7 Kxf7 56. g4 1-0

[Event "Frankfurt Ch 2005"]
[Site "Ffm-Kalbach, LAZ"]
[Date "2005.05.02"]
[Round "2"]
[White "Schukowski, Werner"]
[Black "Höhler, Bernd"]
[Result "0-1"]
[WhiteElo "1299"]
[BlackElo "1654"]
[PlyCount "102"]
[EventDate "2005.??.??"]

1. d4 Nf6 2. Nf3 e6 3. Bg5 d5 4. c4 c6 5. c5 Be7 6. Bxf6 Bxf6 7. e3 O-O 8. Nbd2
Nd7 9. Bd3 b6 10. b4 bxc5 11. bxc5 Rb8 12. Rb1 Qc7 13. Qc2 h6 14. O-O e5 15.
Rb3 e4 16. Bxe4 dxe4 17. Qxe4 Ba6 18. Rfb1 Rxb3 19. Rxb3 Rb8 20. Rxb8+ Nxb8 21.
Qc2 Bd8 22. Nc4 Bxc4 23. Qxc4 Qb7 24. Qb3 Qxb3 25. axb3 Kf8 26. Kf1 Ke7 27. Ke2
Bc7 28. h3 Nd7 29. Nh4 g6 30. f4 Kf6 31. Nf3 Kg7 32. g4 Nf6 33. Kd3 h5 34. g5
Nd5 35. Ne5 Bxe5 36. fxe5 Kf8 37. h4 Ke7 38. Kd2 Kd7 39. e4 Nc7 40. Kd3 Ne6 41.
Ke3 Kc8 42. d5 Nxc5 43. b4 Na6 44. e6 fxe6 45. dxe6 Nxb4 46. Kd4 a5 47. Kc3 Kd8
48. Kb3 c5 49. Kc4 Na6 50. Kb5 Ke7 51. Kxa5 Kxe6 0-1

[Event "Frankfurt Ch 2005"]
[Site "Ffm-Kalbach, LAZ"]
[Date "2005.05.02"]
[Round "2"]
[White "Gehlhar, Michael"]
[Black "Gößwein, Dorothee"]
[Result "1-0"]
[WhiteElo "1647"]
[BlackElo "1288"]
[PlyCount "79"]
[EventDate "2005.??.??"]

1. f4 Nf6 2. Nf3 d5 3. e3 Nc6 4. Bb5 Bd7 5. b3 a6 6. Bxc6 Bxc6 7. Bb2 e6 8. O-O
b5 9. Ne5 Bb7 10. Qe1 Bd6 11. Qg3 O-O 12. d3 c5 13. Nd2 Rc8 14. Rad1 Bb8 15.
Ndf3 Qe7 16. Qg5 Rfd8 17. Ng4 d4 18. Nfe5 Rc7 19. e4 h6 20. Nxh6+ Kf8 21. Nhxf7
Rdc8 22. Ng6+ Ke8 23. Nxe7 Rxe7 24. Ne5 Bd6 25. Ng6 Rf7 26. f5 e5 27. Rf3 Kd7
28. Rh3 Bc6 29. Rh8 Ng8 30. Qg3 Re8 31. Qh3 Rf6 32. Qh7 Rf7 33. Rxg8 Rxg8 34.
Qxg8 Rf6 35. Qxg7+ Kc8 36. Qxf6 Kb7 37. Qxd6 Kb6 38. Qd8+ Kb7 39. f6 a5 40. f7
1-0

[Event "Frankfurt Ch 2005"]
[Site "Ffm-Kalbach, LAZ"]
[Date "2005.05.02"]
[Round "2"]
[White "Plötz, Hans-Jürgen"]
[Black "Pelda, Jaromir"]
[Result "1-0"]
[WhiteElo "1266"]
[BlackElo "1645"]
[PlyCount "120"]
[EventDate "2005.??.??"]

1. d4 c5 2. c4 Nf6 3. d5 Ne4 4. e3 Qa5+ 5. Bd2 Nxd2 6. Qxd2 Qxd2+ 7. Nxd2 g6 8.
Rd1 d6 9. Ngf3 Bg7 10. b3 Na6 11. Be2 Nb4 12. a4 Nc2+ 13. Kf1 O-O 14. h4 Nb4
15. h5 Bf5 16. e4 Bg4 17. hxg6 hxg6 18. Rh4 Bd7 19. g3 Bf6 20. Rh2 Kg7 21. Kg2
Rh8 22. Rdh1 Rxh2+ 23. Rxh2 Rh8 24. Rxh8 Kxh8 25. Nh2 Nc2 26. Bd1 Ne1+ 27. Kf1
Nd3 28. Ke2 Nc1+ 29. Ke3 Bd4+ 30. Kf3 Kg7 31. Kg2 Nd3 32. f4 a6 33. Be2 Ne1+
34. Kf1 Nc2 35. Bd3 Bh3+ 36. Ke2 Nb4 37. Bb1 Bd7 38. Kf1 b5 39. axb5 axb5 40.
Ke2 Na6 41. Bd3 Nb4 42. Bb1 bxc4 43. bxc4 Ba4 44. Nhf3 Bc3 45. e5 Bxd2 46. Kxd2
Bd7 47. Ng5 Bf5 48. Bxf5 gxf5 49. e6 f6 50. Nf3 Na6 51. Nh4 Nc7 52. Nxf5+ Kf8
53. g4 Ne8 54. Ng3 Ng7 55. Kc3 Ne8 56. Kb3 Nc7 57. Ne4 Kg7 58. Ka4 Kg6 59. Ng3
Ne8 60. Kb5 Kg7 1-0

[Event "Frankfurt Ch 2005"]
[Site "Ffm-Kalbach, LAZ"]
[Date "2005.05.02"]
[Round "2"]
[White "Bauer, Timo"]
[Black "Richter, Edgar"]
[Result "1-0"]
[WhiteElo "1638"]
[BlackElo "1262"]
[PlyCount "69"]
[EventDate "2005.??.??"]

1. d4 d5 2. Nf3 e6 3. c4 Nc6 4. Nc3 Be7 5. Bf4 Nf6 6. e3 O-O 7. Rc1 b6 8. Nb5
Bd6 9. Nxd6 cxd6 10. cxd5 Ne7 11. dxe6 Bxe6 12. a3 Ng6 13. Bg3 Ne4 14. Bd3 Nxg3
15. hxg3 f5 16. Nd2 Qf6 17. Qh5 h6 18. Ba6 Ne7 19. Qd1 Nd5 20. Qa4 Rae8 21. O-O
Re7 22. Qc6 Bf7 23. Nc4 Rc7 24. Qxd6 Qxd6 25. Nxd6 Rxc1 26. Rxc1 Nf6 27. Nxf5
Bg6 28. Ne7+ Kh7 29. Nxg6 Kxg6 30. Bd3+ Kh5 31. f3 Rf7 32. Rc6 Kg5 33. Re6 h5
34. e4 Rd7 35. f4+ 1-0

[Event "Frankfurt Ch 2005"]
[Site "Ffm-Kalbach, LAZ"]
[Date "2005.05.02"]
[Round "2"]
[White "Bonilla Guzman, Jerson A"]
[Black "Müller, Pascal"]
[Result "1-0"]
[WhiteElo "1067"]
[BlackElo "1617"]
[PlyCount "131"]
[EventDate "2005.??.??"]

1. e4 c5 2. Nf3 Nc6 3. d4 cxd4 4. Nxd4 Nf6 5. Nc3 e5 6. Ndb5 d6 7. Bg5 a6 8.
Na3 b5 9. Nd5 Qa5+ 10. Bd2 Qd8 11. Bg5 Be7 12. Nxe7 Nxe7 13. Bxf6 gxf6 14. Qd2
Be6 15. b3 d5 16. exd5 Qxd5 17. O-O-O Qxd2+ 18. Rxd2 O-O 19. Bd3 Rac8 20. g4
Kh8 21. f3 f5 22. h3 f6 23. Kb2 Rfd8 24. Rg2 Bd5 25. Rf1 Rg8 26. c4 bxc4 27.
Bxc4 Bxc4 28. Nxc4 f4 29. Rd1 Rgd8 30. Rgd2 Rxd2+ 31. Rxd2 Kg8 32. Rd6 Rc6 33.
Kc3 Kf7 34. h4 e4 35. Rxc6 Nxc6 36. Nd6+ Ke6 37. Nxe4 Ne5 38. Nd2 Kd5 39. b4
Ng6 40. h5 Ne5 41. a4 h6 42. b5 axb5 43. axb5 Kc5 44. b6 Kxb6 45. Kd4 Kc6 46.
Ke4 Kd6 47. Kxf4 Ke6 48. Ke3 f5 49. f4 Nxg4+ 50. Kf3 Nf6 51. Kg3 Nxh5+ 52. Kf3
Kd5 53. Nf1 Kd4 54. Ne3 Ng7 55. Ng2 Kd3 56. Nh4 h5 57. Kg3 Ke4 58. Nf3 Ne6 59.
Ng5+ Kd5 60. Nxe6 Kxe6 61. Kh4 Kf6 62. Kxh5 Kg7 63. Kg5 Kf7 64. Kxf5 Kg7 65.
Ke6 Kf8 66. Kf6 1-0

[Event "Frankfurt Ch 2005"]
[Site "Ffm-Kalbach, LAZ"]
[Date "2005.05.02"]
[Round "2"]
[White "Pröstler, Rene"]
[Black "Schönmann, Bernd"]
[Result "1-0"]
[WhiteElo "1615"]
[BlackElo "1230"]
[PlyCount "31"]
[EventDate "2005.??.??"]

1. e4 e5 2. Nf3 Nc6 3. d4 f6 4. Nc3 a6 5. Bc4 Nge7 6. O-O b5 7. Bd5 Bb7 8. dxe5
Nxd5 9. exd5 Nxe5 10. Nxe5 fxe5 11. Qh5+ Ke7 12. Bg5+ Kd6 13. Bxd8 Rxd8 14.
Rfd1 g5 15. Qxg5 Re8 16. Qf6+ 1-0